Fast Typing "JetPunk" in 1 Minute! - Statistics

General Stats
  • This quiz has been taken 169 times
  • The average score is 42 of 60
Answer Stats
# JetPunk % Correct
1 JetPunk
100%
2 JetPunk
95%
3 JetPunk
94%
4 JetPunk
93%
5 JetPunk
92%
6 JetPunk
91%
7 JetPunk
90%
8 JetPunk
90%
9 JetPunk
90%
10 JetPunk
90%
11 JetPunk
89%
12 JetPunk
89%
13 JetPunk
89%
14 JetPunk
89%
15 JetPunk
89%
16 JetPunk
88%
17 JetPunk
88%
18 JetPunk
87%
19 JetPunk
86%
20 JetPunk
83%
21 JetPunk
81%
22 JetPunk
79%
23 JetPunk
75%
24 JetPunk
74%
25 JetPunk
73%
26 JetPunk
72%
27 JetPunk
70%
28 JetPunk
70%
29 JetPunk
69%
30 JetPunk
67%
31 JetPunk
66%
32 JetPunk
66%
33 JetPunk
65%
34 JetPunk
64%
35 JetPunk
62%
36 JetPunk
62%
37 JetPunk
60%
38 JetPunk
59%
39 JetPunk
58%
40 JetPunk
57%
41 JetPunk
57%
42 JetPunk
57%
43 JetPunk
57%
44 JetPunk
54%
45 JetPunk
54%
46 JetPunk
53%
47 JetPunk
52%
48 JetPunk
52%
49 JetPunk
51%
50 JetPunk
51%
51 JetPunk
51%
52 JetPunk
51%
53 JetPunk
51%
54 JetPunk
51%
55 JetPunk
47%
56 JetPunk
47%
57 JetPunk
45%
60 JetPunk
45%
58 JetPunk
44%
59 JetPunk
44%
No matching quizzes found
Score Distribution
Percent of People with Each Score
Percentile by Number Answered
Your Score History
You have not taken this quiz